Statistiques concernant QA #24 - Films d'animation de Noël par images

Cliquez ici pour prendre le quiz!

Statistiques générales

  • Ce quiz a été pris 247 fois
  • Le résultat moyen est 8 sur 16

Statistiques - réponses

Réponse% Correct
Le Grinch
98%
La Reine des neiges
96%
La Belle et la Bête 2
92%
L'Etrange Noël de monsieur Jack
92%
Le Pôle express
70%
Les Cinq Légendes
68%
Shaun le mouton: L'échappée de Noël
63%
Le Noël de Mickey
55%
Rudolph, le petit renne au nez rouge
45%
Le Drôle de Noël de Scrooge
43%
Klaus
37%
Niko, le petit renne
26%
L'Apprenti Père Noël
23%
Mission : Noël
11%
L'Etoile de Noël
8%
Le Bonhomme de neige
5%

Distribution des résultats

Percentile par nombre de réponses

% des personnes avec chaque résultat

Votre développement - résultats

Vous n’avez pas pris ce quiz